| 000 | 00487nam a22001817a 4500 | ||
|---|---|---|---|
| 999 |
_c192058 _d192058 |
||
| 005 | 20220916145538.0 | ||
| 010 | _aENG-135001 | ||
| 020 |
_c300.00 _a9788176506083 |
||
| 035 | _aEN-118533 | ||
| 037 | _bDBAD/PUB | ||
| 082 | _aN | ||
| 100 | _aBunwaree, Ranjita | ||
| 245 |
_aJourney into the past/ _cRanjita Bunwaree |
||
| 260 |
_aNew Delhi _bStar Publications _c2014 |
||
| 270 |
_a4/5, B, Asaf Ali Road _bNew Delhi _e110002 |
||
| 300 |
_a156p. _c21cm(hbk) |
||
| 942 |
_2ddc _cEN _hN _mBUN |
||